La creatividad verbal en los niños.

Na minha lista:
Detalhes bibliográficos
Autor principal: Desrosiers, Rachel (autor)
Outros Autores: Sargatal, Alfred, tr (autor) tr, (autor)
Formato: Livro
Idioma:espanhol
francês
Colecção:(Colección ciencias de la educación. Serie creatividad)
Assuntos:
Tags: Adicionar Tag
Sem tags, seja o primeiro a adicionar uma tag!

MARC

LEADER 00000nam^a2200000^u^4500
001 000510010
005 20250521000000.0
008 091125s1000^^^^^^^^^^^^r^^^^^000^0^spa^d
009 20260310130115.666
035 |a FCE 000054219 
037 |a Acervo ITESO - Biblioteca 
041 |a spa  |h fra 
082 0 4 |a 370.15  |b D4 
100 |a Desrosiers, Rachel  |e (autor) 
245 1 3 |a La creatividad verbal en los niños. 
264 |a Barcelona :  |b Oikos-tau,  |c 1978. 
300 |a 211 p. 
336 |a texto  |b txt  |2 rdacontenido 
337 |a sin mediación  |b n  |2 rdamedio 
338 |a volumen  |b nc  |2 rdasoporte 
440 1 |a (Colección ciencias de la educación. Serie creatividad) 
649 |a XX 
650 |a Psicopedagogía 
650 |a Creatividad 
650 |a Lingüística 
650 |a Niños 
700 |a Sargatal, Alfred,  |e tr  |e (autor) 
910 |a Fondo Centro de Estudios Educativos 
920 |a Impresos - Libros 
930 |a Fondos Especiales 
905 |a 133 
901 |a ALE067580  |b IT2  |c CEE  |u 20250521 
902 |a https://opac.biblio.iteso.mx/vufind/Record/000510010